| 000 | 00848nam a22001695i 4500 | ||
|---|---|---|---|
| 001 | 166558 | ||
| 003 | ES-MaACL | ||
| 005 | 20230906213345.0 | ||
| 008 | 050915s1877 sp | |||||||| ||spa d | ||
| 040 |
_aCAM _bspa _cCAM |
||
| 100 | 1 |
_aTort y Martorell, Javier. _9133343 |
|
| 245 | 1 | 0 |
_aDiscurso leído al tomar el grado Doctor en Administración / _cpor Javier Tort y Martorell. |
| 260 |
_aBarcelona : _b[s.n.], _c1877 ( _fImprenta de Jaime Jepús) |
||
| 300 |
_a70 p. ; _c27 cm. |
||
| 594 | _aTít. del discurso: La guerra considerada como órgano de la justicia internacional. Principales progresos que en el llamado "Derecho de la guerra" ha llevado á cabo la civilización europea" | ||
| 852 |
_aES-MaACL _jT-1274-F-1 _z-- Enc. hol., conservando la cub. original _z-- An. ms.: ded. del autor a Laureano Figuerola _z-- Enc. en un vol. facticio |
||
| 999 |
_c166558 _d166558 |
||